01323 2200253 4500001002100000005001500021035002000036007000300056008004100059020001800100082000800118084001400126100001700140245017000157250000600327260003300333300004600366700002900412700002500441650002000466520050800486520005800994990001701052INLIS00000000000024720260519071219 a0010-0323000141ta260519 j 0 ind  a979-534-269-x a500 a500 HEW m0 aHewit, Sally1 aMenjelajahi dan mempelajari volume 2 :bIlmu Pengetahuan & Teknologi /cSally Hewit ; alih bahasa, Evi Janu Kusumawati, S.S ; penyunting bahasa, Endang Naskah Alimah a- aBandung :bPakar Raya,c2005 a96 :bilus. ; gambar berwarna ;c28 cme-0 aEvi Janu Kusumawati, S.S0 aEndang Naskah Alimah 4aSains Teknologi aSeri Menjelajahi dan Mempelajari akan membawamu ke dalam perjalanan penemuan. Keenam volume buku ini akan memandumu menuju dunia tumbuhan dan hewan, ke dalam sains dan teknologi, yang menjelaskan bagaimana dan mengapa benda bekerja. Seri ini akan memberitahumu tentang dunia tempat tinggalmu, menjelajahi lebih jauh ke ruang angkasa hingga ke tempat yang tidak terjangkau. Kamu bisa menemukan hal-hal baru dan menakjubkan tentang dirimu, dan bagaimana kamu berkomunikasi dengan orang-orang di sekitarmu. ajudul asli : Explore and learn science and technology a00108/K/2006